000 00449nam a22001457a 4500
999 _c529855
_d529855
008 250509b ||||| |||| 00| 0 eng d
100 _aPinto, Mattia
_952966
245 _aLeading works in criminal law
260 _aSocial & Legal Studies
300 _a34(1), Feb, 2025: p.134-137
520 _ahttps://journals.sagepub.com/doi/abs/10.1177/09646639241244665
773 _aSocial & Legal Studies
906 _aBOOK REVIEW
942 _cAR